000 00758nam a2200265Ia 4500
003 OSt
005 20220925225256.0
006 a|||||r|||| 00| 0
007 ta
008 220923b |||||||| |||| 00| 0 eng d
020 _a9042009497
037 _cGeneral Book
040 _aRTL
_cRTL
_beng
041 _2eng
_aeng
082 _aY9(4), P3
100 _aBOER Inge E Ed.
_9292152
245 0 _aAfter Orientalism
_b Critical Entanglements, Productive Looks
260 _aLondon
_bRudopi
_c2003
300 _a245p
_ccm.
490 _aThamysis: Intersecting: Place, Sex and Race
500 _aBibliography chapterwise
650 _aSociology
942 _hY9(4), P3
_cGB
_2CC
999 _c583179
_d583179